000 00325nam a22001217a 4500
008 230619b xxu||||| |||| 00| 0 eng d
082 _a300.1
_bKER
245 _aMarxism,Communism and Western Society
_bAbsolutism -Civil War
260 _aWest Germany
_bHerder KG
_c1972
300 _aXXV,436p
440 _vIII
942 _2ddc
_cBK
999 _c1176
_d1176